Zoology for intermediate students (Record no. 83445)

MARC details
000 -LEADER
fixed length control field 00660nam a2200169 a 4500
008 - FIXED-LENGTH DATA ELEMENTS--GENERAL INFORMATION
fixed length control field 120416s0000 ||||||||||||||||| || u
020 ## - INTERNATIONAL STANDARD BOOK NUMBER
International Standard Book Number 0582322774
050 ## - LIBRARY OF CONGRESS CALL NUMBER
Classification number QL 47.2 Cha
100 ## - MAIN ENTRY--PERSONAL NAME
Personal name Chapman, G
245 10 - TITLE STATEMENT
Title Zoology for intermediate students
250 ## - EDITION STATEMENT
Edition statement 2nd ed.
260 ## - PUBLICATION, DISTRIBUTION, ETC.
Place of publication, distribution, etc. London
Name of publisher, distributor, etc. Longman
Date of publication, distribution, etc. 1972
300 ## - PHYSICAL DESCRIPTION
Extent x, 814p. : ill.
350 ## -
-- 0.00
995 ## -
-- BINDERY (DAMAGED)
-- 0.00
-- 716222
-- CBU-MAIN LIBRARY (Kitwe)
-- 1
-- 35.00
-- QL 47.2 Cha
-- DAMAGED
-- 014702
-- Main Library Open Access Collection
995 ## -
-- BINDERY (DAMAGED)
-- 0.00
-- 716221
-- CBU-MAIN LIBRARY (Kitwe)
-- 2
-- 35.00
-- QL 47.2 Cha
-- 1
-- DAMAGED
-- 019061
-- Main Library Open Access Collection
999 ## -
-- 83445
-- 83445
Holdings
Withdrawn status Lost status Source of classification or shelving scheme Damaged status Not for loan Permanent Location Current Location Shelving location Date acquired Total Checkouts Full call number Barcode Date last seen Copy number Price effective from Koha item type
          CBU-MAIN LIBRARY, KITWE. CBU-MAIN LIBRARY, KITWE.   10/30/2023   QL 47.2 Cha 014702 10/30/2023 1 10/30/2023 MONOGRAPH
          CBU-MAIN LIBRARY, KITWE. CBU-MAIN LIBRARY, KITWE.   10/30/2023   QL 47.2 Cha 019061 10/30/2023 2 10/30/2023 MONOGRAPH